Vista normal
Vista MARC
Entrada Personal Name
Número de registros utilizados en: 2
001 - CONTROL NUMBER
- control field: 3171
003 - CONTROL NUMBER IDENTIFIER
- control field: DLC
005 - DATE AND TIME OF LATEST TRANSACTION
- control field: 20230523150741.0
008 - FIXED-LENGTH DATA ELEMENTS
- fixed length control field: 800820n| azannaabn |b aaa
010 ## - LIBRARY OF CONGRESS CONTROL NUMBER
- LC control number: n 80073828
035 ## - SYSTEM CONTROL NUMBER
- System control number: (OCoLC)oca00455260
040 ## - CATALOGING SOURCE
- Original cataloging agency: DLC
- Language of cataloging: spa
- Description conventions: rda
- Transcribing agency: Mx-PuUPA
- Modifying agency: DLC
- Modifying agency: UkCU
- Modifying agency: ICU
- Modifying agency: InU
- Modifying agency: DLC
- Modifying agency: InU
- Modifying agency: DLC-S
- Modifying agency: Mx-PuUPA
046 ## - SPECIAL CODED DATES
- Birth date: 19461017
- Source of date scheme: edtf
100 1# - HEADING--PERSONAL NAME
- Personal name: Michnik, Adam
- Dates associated with a name: 1946-
370 ## - ASSOCIATED PLACE
- Place of birth: Varsovia (Polonia)
- Associated country: Polonia
- Source of term: naf
374 ## - OCCUPATION
- Occupation: Activistas políticos
- Occupation: Autor
- Source of term: lcsh
375 ## - GENDER
- Gender: hombre
- Source of term: lcdgt
377 ## - ASSOCIATED LANGUAGE
- Language code: pol
400 1# - SEE FROM TRACING--PERSONAL NAME
- Personal name: Mikhnik, Adam
- Dates associated with a name: 1946-
400 1# - SEE FROM TRACING--PERSONAL NAME
- Personal name: Михник, Адам
- Dates associated with a name: 1946-
400 1# - SEE FROM TRACING--PERSONAL NAME
- Personal name: Міхнік, Адам
- Dates associated with a name: 1946-
670 ## - SOURCE DATA FOUND
- Source citation: Kościól, lewica, dialog, 1977.
670 ## - SOURCE DATA FOUND
- Source citation: Takie czasy--, 1985:
- Information found: t.p. (Adam Michnik) p. 4 of cover (b. 1946)
670 ## - SOURCE DATA FOUND
- Source citation: Polʹskiĭ dialog: t︠s︡erkovʹ levye, 1980:
- Information found: t.p. (Адам Михник = Adam Mikhnik) English added t.p. (Adam Michnik)
670 ## - SOURCE DATA FOUND
- Source citation: U poshukakh svobody, 2009:
- Information found: title page (Адам Міхнік = Adam Mikhnik) page 4 of cover (born 17 October 1946, Varshava)